MDQL
is popping MORE tags! Check the
thread
!
Quizzes
Events
Quiz Creation
Community
Videos
Private Events
Remove Ads
Sign In
Join for FREE
Feedback
Dark Mode
Quiz Categories
Sports
Geography
Music
Movies
Television
Just For Fun
Miscellaneous
History
Literature
Language
Science
Gaming
Entertainment
Religion
Holiday
For Kids
Quiz Lab
Recent
Popular Today
Quiz Kudos Today
Editor Picks
Curator Picks
Quizzes by...
Day
Popularity
Type
Ratings
Length
Year
Community
Subscriptions
Recent Discussions
Orange Saloon
Badges
Playlists
Quests
Create
Leaderboards
Showdown
Live 5
Trivia Bingo
Activity
Puzzle Library
Sporcle Events
Private Events
Virtual Trivia
Globe League
Become a Host
Pub Owners
SporcleCon
Opinionation
Our Games
Videos
Blog
Mobile Apps
Partnerships
Remove Ads and Go Orange
Feedback
Music
Pop Music
The Beatles
Song
Album
Lyrics
Bands
Singers
Artist
Clip
Rock
Rap
Classical
Billboard
Country Music
Kpop
Taylor Swift
Music
Pop Music
The Beatles
Song
Album
Lyrics
Bands
Singers
Artist
Clip
Rock
Rap
Classical
Billboard
Country Music
Kpop
Taylor Swift
Random Quiz
Search Sporcle
×
Quiz Lab
Quiz Lab
Music
Artist
Type in answers that appear in a list
Type in answers that appear in a list
Classic
Best Score? Go Orange.
Male/Female Duets of the 70's & 80's Stats
Can you name the Male/Female Duets of the 70's & 80's?
By
tcline76
4m
16 Questions
371 Plays
371 Plays
371 Plays
Comments
Comments
Give Quiz Kudos
Give Quiz Kudos
-
- Ratings
hide this ad
Replay
Link that replays current quiz
Next Quiz
Link to next quiz in quiz playlist
You Got
0%
They Got
Avg Score
46%
Avg Friend Score
Upgrade to see
Score Distribution
Jump to the score distribution portion of the page
Score
0/16
Timer
04:00
0
Plays Today
Artist
Song
% Correct
Elton John & Kiki Dee
Don't Go Breaking My Heart
81.7%
Kenny Rogers & Dolly Parton
Islands In The Stream
76%
John Travolta & Olivia Newton John
You're the One that I want
72.8%
Lional Richie & Diana Ross
Endless Love
65.8%
Joe Cocker & Jennifer Warnes
Up Where We Belong
60.6%
Neil Diamond & Barbara Streisand
You Don't Bring Me Flowers
54.2%
Bill Medley & Jennifer Warnes
I've Had The Time Of My Life
50.1%
Meat Loaf & Ellen Foley
Paradise by the Dashboard Light
49.1%
Artist
Song
% Correct
Patti LaBelle & Michael McDonald.
On My Own
39.4%
Phil Collins & Marilyn Martin
Separate Lives
35.3%
Linda Ronstadt & James Ingram
Somewhere Out There
34.8%
Peter Gabriel & Kate Bush
Don't Give Up
29.1%
Johnny Mathis & Deniece Williams
Too Much, Too Little, Too Late
25.9%
Paul Anka & Odia Coates
You're Having My Baby
22.9%
Lita Ford & Ozzy Osbourne
Close my Eyes Forever
22.6%
Dan Hill & Vonda Shepard
Can't We Try
17.5%
Quiz Playlist
Details
Report
Send in Message
Add To Playlist
Classic:
Type in answers that appear in a list
Last Updated: Feb 16, 2017
Quiz Scoreboard
CHALLENGE
Sign Up to Join the Scoreboard
Show All
Scores
Hide
Comments
May contain spoilers
Recently Published
Colored Red Africa Blitz
by spor1
Geography
30s
Find the 'City' Movie
by crazypaving
Movies
60s
5x2 Blitz: Bands
by SL_Kpop136
Music
30s
More to Explore
Quiz From the Vault
Featured Blog Post
14 Easter Pick-up Lines to Find Eggs With
hide this ad
You Might Also Like...
Tags
Artist Quiz
Song Quiz
duet
female
male
Male Female
Today's Top Quizzes in Music
Browse Music
hide this ad
Today's Top Quizzes in Artist
Browse Artist
Top Contributed Quizzes in Music
1
5X2 Blitz: Bands II
2
Taylor Swift All Songs (2024)
3
5X2 Blitz: The Beatles
4
5X2 Blitz: Billboard
5
Taylor Swift Logic Puzzle
6
Taylor Swift Logic Puzzle II
7
5X2 Blitz: Album
8
5X2 Blitz: Billboard II
9
Music Artist by Three 2010s hits
10
5X2 Blitz: Rock
Explore More
Trending Topics
Crossword
Marvel
Kpop
Disney
Anime
NBA
Harry Potter
Puzzle
Country
The Office
Pokémon
Song
WWE
NFL
Soccer
hide this ad
More By:
tcline76
Quiz
Plays
Rating
Category
Featured
Created
Title Not in Song
225,885
4.43
Music
Nov 9, 2009
The Chicago Grid
1,800
3.83
Just For Fun
Oct 2, 2009
Best Father/Son Arm Wrestling Movies
751
3.88
Just For Fun
Oct 2, 2009
SurveySays something you buy that is White
498
3.63
Just For Fun
Oct 8, 2009
1985 Bears Roster
478
4.43
Sports
Oct 2, 2009
Go to Creator's Profile
Score Distribution
Quiz Creator Spotlight
tcline76
Follow
Send a Message
Quizzes Created
-
Created Quiz Play Count
-
More By This Creator
Popular Quizzes Today
1
5x2 Blitz: Bands
2
Find the 'City' Movie
3
Colored Red Africa Blitz
4
Find the US States - No Outlines Minefield
5
The Countries of the World
6
Find the US States
7
9x9 Crossword: Cartoon Network
8
US States
More Music Quizzes
Michael Jackson Songs (A-Z)
Published
Trending Quizzes
Colored Red Africa Blitz II
Colored Red Europe Blitz I
Christmas Pick: Judaism
Colored Red Africa Blitz III
Colored Red Europe Blitz II
Recently Updated
Champions League XIs: Real Madrid
pecheneg
Largest US Cities 1790-2010
pecheneg
Rides in Walt Disney World
pecheneg
Most Oscar Losses (Acting)
pecheneg
Beyoncé Albums
pecheneg
Leaping Animals
pecheneg
Reality TV Shows (A-Z)
bhenderson79
Rickey Henderson's Hall of Fame Teammates
pecheneg
Champions League XIs: Arsenal
pecheneg
Quick Pick: Celebrities in WWE's Hall of Fame
aduchscher
Trending Topics
Crossword
Disney
Marvel
Harry Potter
Kpop
NBA
Anime
Puzzle
Pokémon
NFL
The Office
WWE
Soccer
Country
Song
Your Account Isn't Verified!
In order to create a playlist on Sporcle, you need to verify the email address you used during registration. Go to your
Sporcle Settings
to finish the process.
Report this User
Report this user for behavior that violates our
Community Guidelines
.
Details:
Send Report
Go to the Sporcle.com Mobile Site →
Comments